书目信息 |
| 题名: |
艺术与科学
|
|
| 作者: | 李砚祖 主编 | |
| 分册: | 卷三 | |
| 出版信息: | 北京 清华大学出版社 2006.10 |
|
| 页数: | 175页 | |
| 开本: | 29cm | |
| 丛书名: | ||
| 单 册: | ||
| 中图分类: | J0-05 | |
| 科图分类: | ||
| 主题词: | 艺术--关系--科学--研究 , 艺术 , 科学 | |
| 电子资源: | ||
| ISBN: | 7-302-13870-2 | |
| 000 | 00915nam0 2200265 45 | |
| 001 | 1138420625 | |
| 005 | 20110419104025.20 | |
| 010 | @a7-302-13870-2@dCNY42.00 | |
| 100 | @a20110409d2006 em y0chiy0110 ea | |
| 101 | 0 | @achi |
| 102 | @aCN@b110000 | |
| 105 | @aa z 000yy | |
| 106 | @ar | |
| 200 | 1 | @a艺术与科学@AYi Shu Yu Ke Xue@dArt & science@h卷三@HJuan San@f李砚祖主编@FLi Yan Zu Zhu Bian@zeng |
| 210 | @a北京@c清华大学出版社@d2006.10 | |
| 215 | @a175页@c图@d29cm | |
| 330 | @a本书以中国古代图像研究为中心展开,涉及古代图像研究的文化学、符号学、图像学等多个方面,包括汉代画像石、汉代玉璧图像、莫高窟北朝隋代洞窟图像、中国古代莲花图像等专题研究。 | |
| 510 | 1 | @aArt & science@zemg |
| 606 | 0 | @a艺术@x关系@x科学@x研究 |
| 606 | 0 | @a艺术 |
| 606 | 0 | @a科学 |
| 690 | @aJ0-05@v4 | |
| 701 | 0 | @a李砚祖@ALi Yan Zu@f(1954~)@4主编 |
| 801 | 0 | @aCN@bTANGWEI@c20110419 |
| 905 | @b0535511-13@dJ0-05@e253:3@f3 | |
| 艺术与科学=Art & science.卷三/李砚祖主编.-北京:清华大学出版社,2006.10 |
| 175页:图;29cm |
| ISBN 7-302-13870-2:CNY42.00 |
| 本书以中国古代图像研究为中心展开,涉及古代图像研究的文化学、符号学、图像学等多个方面,包括汉代画像石、汉代玉璧图像、莫高窟北朝隋代洞窟图像、中国古代莲花图像等专题研究。 |
| ● |
| 相关链接 |
|
|
|
|
正题名:艺术与科学
索取号:J0-05/253:3
 
预约/预借
| 序号 | 登录号 | 条形码 | 馆藏地/架位号 | 状态 | 备注 |
| 1 | 0535511 | 205355113 | 第一样本阅览室/ [索取号:J0-05/253:3] | 在馆 | |
| 2 | 0535512 | 205355122 | 第一借阅区/ [索取号:J0-05/253:3] | 在馆 | |
| 3 | 0535513 | 205355131 | 第一借阅区/ [索取号:J0-05/253:3] | 在馆 |